01878nab a2200241 ab450000500170000000800410001700300010005804000350005910000330009410000420012724501640016950600190033352009270035265000190127965000150129865300240131365300260133765300180136365000370138177300990141885600570151785600620157420260702122249.0260604b2025 sp tr poo| 0 0 spa d aMX-MxUPNbspacMX-MxUPNeaacr21 aBellido Venegas, Eva María1 aMartínez Quintana, María Violante11aCuidadoras de personas dependientes en España :bdesigualdades, invisibilidad social y consecuencias físicas y mentalesh[recurso electrónico en línea]0 aAcceso abierto3 aLas condiciones laborales y sociales del colectivo de cuidadores/as formales e informales es una temática que históricamente no ha sido suficientemente atendida en la investigación social. De ahí nuestro objeto de estudio: examinar, analizar y reflexionar sobre las desigualdades sociales, su invisibilidad y las consecuencias físicas y psíquicas que padecen las mujeres cuidadoras. Se aplica una metodología cualitativa, basada en entrevistas semiestructuradas realizadas a cuidadoras formales e informales y a expertos del sector. En el estudio subyace una brecha de divergencias sociales en el colectivo de cuidadoras y una segregación territorial de los cuidados en España que presiona la necesidad de dar visibilidad y atender desde la administración los problemas sociales existentes en el mercado de los cuidados, que llegan a repercutir en las diferentes esferas del estado de bienestar. cREIS 2aEnvejecimiento 4aCuidadores aCuidadoras formales aCuidadoras informales aDesigualdales aConsecuencias físicas/mentales gNo. 193 (2025), p. 3-20tREIS: revista española de investigaciones sociológicasx1988-59034 uhttps://reis.cis.es/index.php/reis/article/view/24794 uhttps://reis.cis.es/index.php/reis/article/view/2479/3041